Γενική χημεία

Αποθηκεύτηκε σε:
Λεπτομέρειες βιβλιογραφικής εγγραφής
Κύριος συγγραφέας: Ανδρικόπουλος, Νικόλαος Κ., 1945- (Συγγραφέας)
Μορφή: Βιβλίο
Γλώσσα:Greek
Δημοσίευση: Αθήνα : Παρισιάνος, c2018.
Έκδοση:2η έκδ.
Θέματα:
Ετικέτες: Προσθήκη ετικέτας
Δεν υπάρχουν, Καταχωρήστε ετικέτα πρώτοι!

MARC

LEADER 00000cam a2200000 a 4500
001 1/122130
008 200925s2018####gr | ||| |||| ||gre||
020 |a 9786188392007  |q (τ. 1)  |q (χαρτόδετο) 
020 |a 9786188392014  |q (τ. 2)  |q (χαρτόδετο) 
020 |a 9786188392021  |q (set)  |q (χαρτόδετο) 
040 |a GR-MyUa  |b gre  |c GR-MyUa  |e AACR2 
041 0 |a gre 
082 7 |a 540  |2 (23) 
100 1 |a Ανδρικόπουλος, Νικόλαος Κ.,   |d 1945-  |e aut 
245 1 0 |a Γενική χημεία /   |c Νικόλαος Κ. Ανδρικόπουλος.  
250 |a 2η έκδ.  
260 |a Αθήνα :   |b Παρισιάνος,   |c c2018.  
300 |a 2 τ. :   |b εικ., σχέδ. ;   |c 24 εκ.  
500 |a Τ. 1 Κεφάλαια θεωρίας. Τ. 2 Εργαστηριακές ασκήσεις.  
650 0 |a Chemistry 
852 |a INST  |b LEMNOS  |e 20200925  |h 540  |p 005600003497  |q 005600003497  |t BK  |v τομ.2:  |y 0 
852 |a INST  |b LEMNOS  |e 20200925  |h 540  |p 005600003498  |q 005600003498  |t BK  |v τομ.1:  |y 0 
853 |a INST  |b LEMNOS  |h 540 
920 |a Καραντώνης  |b Χαράλαμπος  |y Λήμνος-ΤΕΤΔ  |z 2020-09 
970 |a Πανταζή   |b Αντωνία   |z 25/09/2020